| 000 | 02009cas a2200457 a 4500 | ||
|---|---|---|---|
| 001 | 11263067 | ||
| 003 | OSt | ||
| 005 | 20160531141626.0 | ||
| 008 | 810114c19819999iluqr p 0 a0eng c | ||
| 010 |
_a 82645697 _zsn 81000171 |
||
| 016 | 7 |
_a010492481 _2Uk |
|
| 022 | 0 |
_a0273-5024 _21 |
|
| 032 |
_a734050 _bUSPS |
||
| 035 | _a(OCoLC)ocm07062604 | ||
| 037 | _bJTPE, P.O. Box 5076, Champaign, IL 61820 | ||
| 040 |
_aNSDP _cNSDP _dNST _dDLC _dNST _dDLC _dNST _dNSDP _dNST _dNSDP _dNST _dGU _dNST _dOCoLC _dNLGGC _dCaQQL _dSiSiNL _dOCoLC _dUKMGB _dCStbW |
||
| 042 |
_ansdp _apcc |
||
| 050 | 0 | 0 |
_aGV 363 _b.J86 1996 |
| 082 |
_aGLT 613.7 _bJ082 1996 |
||
| 245 | 0 | 0 |
_aJournal of teaching in physical education : _bJTPE / |
| 246 | 3 | 0 | _aJTPE |
| 246 | 3 | 0 | _aJ.T.P.E. |
| 260 |
_aBlacksburg, Va. : _bJTPE, _c1981. |
||
| 300 |
_av. : _bill. ; _c23 cm. |
||
| 310 |
_aQuarterly, _b<Oct. 1984-> |
||
| 321 | _aThree times a year during the academic year | ||
| 362 | 0 | _aVol. 1, no. 1 (fall 1981)- | |
| 500 | _aTitle from cover. | ||
| 500 | _aImprint varies: Champaign, IL : Human Kinetics Publishers, Oct. 1984- | ||
| 515 | _aVol. 1, no. 1 preceded by an issue called: Spring 1981. | ||
| 650 | 0 |
_aPhysical education and training _xStudy and teaching _vPeriodicals. _922487 |
|
| 650 | 1 | 7 |
_aLichamelijke opvoeding. _2gtt _922484 |
| 650 | 6 |
_aProfesseurs d'éducation physique _xFormation _xÉtude et enseignement _vPériodiques. _922489 |
|
| 787 | 1 |
_tJournal of teaching in physical education. Monograph _w(DLC)sn 84010312 _w(OCoLC)10082527 |
|
| 906 |
_a7 _bcbc _cserials _d3 _encip _f19 _gn-oclcserc |
||
| 936 | _aOct. 1984 (surrogate) | ||
| 942 |
_2lcc _cSE |
||
| 999 |
_c12538 _d12538 |
||